Women's education & fertility behaviour: recent evidence from the demographic and health surveys (Record no. 1925)

MARC details
000 -LEADER
fixed length control field 00528nam a2200157Ia 4500
020 ## - INTERNATIONAL STANDARD BOOK NUMBER
ISBN 92-1-151295-6
082 ## - DEWEY DECIMAL CLASSIFICATION NUMBER
Classification number 371.822 UNI-;
245 #0 - TITLE STATEMENT
Title Women's education & fertility behaviour: recent evidence from the demographic and health surveys
260 ## - PUBLICATION, DISTRIBUTION, ETC. (IMPRINT)
Place of publication New York
Name of publisher United Nations
Year of publication 1995
300 ## - PHYSICAL DESCRIPTION
Number of Pages viii, 113p.
650 ## - SUBJECT ADDED ENTRY--TOPICAL TERM
Topical Term Women - Education
650 ## - SUBJECT ADDED ENTRY--TOPICAL TERM
Topical Term Fertility, Human
650 ## - SUBJECT ADDED ENTRY--TOPICAL TERM
Topical Term Women - Social conditions
710 ## - ADDED ENTRY--CORPORATE NAME
Corporate name or jurisdiction name as entry element United Nations. Department for Economic and Social Information and Policy Analysis
942 ## - ADDED ENTRY ELEMENTS (KOHA)
Koha item type Books
Holdings
Withdrawn status Lost status Damaged status Not for loan Home library Current library Date acquired Bill Date Full call number Accession Number Price effective from Koha item type
        NASSDOC Library NASSDOC Library 08/06/2004 2008-12-30 371.822 UNI-; 35607 18/04/2019 Books